Т. 106: Гидрология рек Советской Арктики. Вып. 3: Материалы по гидрологии реки Анабар: [монография]; Труды Арктического института

Dettagli Bibliografici
Parent link:Труды Арктического института=Transactions of the Arctic Institute/ Всесоюзный арктический институт (ВАИ). Т. 106: Гидрология рек Советской Арктики. Вып. 3: Материалы по гидрологии реки Анабар.— , 1931-1938
Altri autori: Родевич В. М. (редактор)
Riassunto:Резюме на англ. яз.
Lingua:russo
inglese
Pubblicazione: 1937
Soggetti:
Natura: MixedMaterials Libro
KOHA link:https://koha.lib.tpu.ru/cgi-bin/koha/opac-detail.pl?biblionumber=339353

MARC

LEADER 00000nam2a2200000 4500
001 339353
005 20231102005133.0
035 |a (RuTPU)RU\TPU\book\365868 
035 |a RU\TPU\book\365866 
090 |a 339353 
100 |a 20171218d1937 k y0rusy50 ca 
101 0 |a rus  |a eng 
102 |a RU 
105 |a a z 001zy 
200 0 |a Т. 106: Гидрология рек Советской Арктики. Вып. 3: Материалы по гидрологии реки Анабар  |d Hydrology of the rivers of the Soviet Arctic. Part 3: Materials on the hydrology of the Anabar River  |e [монография]  |f под ред. В. М. Родевича 
210 |d 1937 
215 |a 52 с.  |c ил. 
300 |a Резюме на англ. яз. 
320 |a Библиогр.: с. 53 
461 1 |0 (RuTPU)RU\TPU\book\314159  |t Труды Арктического института  |l Transactions of the Arctic Institute   |f Всесоюзный арктический институт (ВАИ)  |v Т. 106: Гидрология рек Советской Арктики. Вып. 3: Материалы по гидрологии реки Анабар  |d 1931-1938 
510 1 |a Hydrology of the rivers of the Soviet Arctic. Part 3: Materials on the hydrology of the Anabar River  |z eng 
606 1 |a Арктика  |x География  |2 stltpush  |3 (RuTPU)RU\TPU\subj\29357  |9 52708 
606 1 |a Гидрология речная  |2 stltpush  |3 (RuTPU)RU\TPU\subj\6726  |9 34535 
610 1 |a наблюдения 
610 1 |a исследования 
610 1 |a реки 
610 1 |a рельеф 
610 1 |a климат 
610 1 |a метеорологические наблюдения 
610 1 |a Анабар 
675 |a 91(98)  |v 3 
675 |a 627.13  |v 3 
702 1 |a Родевич  |b В. М.  |4 340 
801 1 |a RU  |b 63413507  |c 20130208 
801 2 |a RU  |b 63413507  |c 20171220  |g RCR 
942 |c BK